COMMON MEDICAL PROBLEMS IN THE TROPICS (Record no. 17755)

MARC details
000 -LEADER
fixed length control field 00427nam a22001697a 4500
003 - CONTROL NUMBER IDENTIFIER
control field OSt
005 - DATE AND TIME OF LATEST TRANSACTION
control field 20211111153250.0
008 - FIXED-LENGTH DATA ELEMENTS--GENERAL INFORMATION
fixed length control field 211111b |||||||| |||| 00| 0 eng d
020 ## - INTERNATIONAL STANDARD BOOK NUMBER
International Standard Book Number 0-333-67999-7
040 ## - CATALOGING SOURCE
Original cataloging agency DDC
Transcribing agency HU
082 ## - DEWEY DECIMAL CLASSIFICATION NUMBER
Edition number 2ND
Classification number 616
Item number 10
100 ## - MAIN ENTRY--PERSONAL NAME
Personal name SCHULL CHRISTOPHER R.
9 (RLIN) 1637
245 ## - TITLE STATEMENT
Title COMMON MEDICAL PROBLEMS IN THE TROPICS
250 ## - EDITION STATEMENT
Edition statement 2ND
260 ## - PUBLICATION, DISTRIBUTION, ETC.
Place of publication, distribution, etc. MALAYSIA
Name of publisher, distributor, etc. MACMILLAN
Date of publication, distribution, etc. 1999
942 ## - ADDED ENTRY ELEMENTS (KOHA)
Source of classification or shelving scheme Dewey Decimal Classification
Koha item type Books like text book referance book
Suppress in OPAC No
Holdings
Withdrawn status Lost status Source of classification or shelving scheme Damaged status Not for loan Home library Current library Date acquired Total Checkouts Full call number Barcode Date last seen Copy number Price effective from Koha item type
    Dewey Decimal Classification     Natural & Computational Science Library Natural & Computational Science Library 11/11/2021   616-S3-1999 CHMSL00004939 11/11/2021 1 11/11/2021 Books like text book referance book
    Dewey Decimal Classification     Natural & Computational Science Library Natural & Computational Science Library 11/11/2021   616-S3-1999 CHMSL00004940 11/11/2021 2 11/11/2021 Books like text book referance book
    Dewey Decimal Classification     Natural & Computational Science Library Natural & Computational Science Library 11/11/2021   616-S3-1999 CHMSL00004941 11/11/2021 3 11/11/2021 Books like text book referance book
    Dewey Decimal Classification     Natural & Computational Science Library Natural & Computational Science Library 11/11/2021   616-S3-1999 CHMSL00004942 11/11/2021 4 11/11/2021 Books like text book referance book
    Dewey Decimal Classification     Natural & Computational Science Library Natural & Computational Science Library 11/11/2021   616-S3-1999 CHMSL00004943 11/11/2021 5 11/11/2021 Books like text book referance book
    Dewey Decimal Classification     Natural & Computational Science Library Natural & Computational Science Library 11/11/2021   616-S3-1999 CHMSL00004944 11/11/2021 6 11/11/2021 Books like text book referance book
    Dewey Decimal Classification     Natural & Computational Science Library Natural & Computational Science Library 11/11/2021   616-S3-1999 CHMSL00004945 11/11/2021 7 11/11/2021 Books like text book referance book
    Dewey Decimal Classification     Natural & Computational Science Library Natural & Computational Science Library 11/11/2021   616-S3-1999 CHMSL00004946 11/11/2021 8 11/11/2021 Books like text book referance book
    Dewey Decimal Classification     Natural & Computational Science Library Natural & Computational Science Library 11/11/2021   616-S3-1999 CHMSL00004947 11/11/2021 9 11/11/2021 Books like text book referance book
    Dewey Decimal Classification     Natural & Computational Science Library Natural & Computational Science Library 11/11/2021   616-S3-1999 CHMSL00004948 11/11/2021 10 11/11/2021 Books like text book referance book